Loading...
| History - World History | 0 | 4 | 0 | 0 | 40 | 77 | 89.00 | 0 | 3 |
| Philosophy | 0 | 3 | 0 | 1 | 30 | 104 | 117.00 | 1 | 2 |
| History - European History | 0 | 3 | 1 | 1 | 25 | 75 | 102.00 | 0 | 1 |
| Social Science | 0 | 4 | 3 | 1 | 25 | 77 | 96.25 | 1 | 4 |
| Science - Other Science | 1 | 1 | 0 | 0 | 25 | 62 | 88.50 | 2 | 2 |
| Beliefs | 0 | 3 | 1 | 0 | 25 | 103 | 107.67 | 1 | 3 |
| Visual Arts | 0 | 2 | 0 | 1 | 20 | 121 | 124.00 | 0 | 1 |
| History - Ancient History | 0 | 2 | 0 | 0 | 20 | 101 | 108.50 | 2 | 2 |
| Literature - American Literature | 0 | 2 | 0 | 1 | 20 | 119 | 123.50 | 0 | 2 |
| Literature - British Literature | 0 | 2 | 0 | 0 | 20 | 135 | 142.00 | 0 | 1 |
| Science - Chemistry | 0 | 2 | 0 | 1 | 20 | 81 | 103.00 | 1 | 2 |
| Science - Biology | 1 | 0 | 0 | 0 | 15 | 57 | 57.00 | 0 | 1 |
| Literature - World Literature | 0 | 1 | 0 | 0 | 10 | 140 | 140.00 | 0 | 1 |
| History - American History | 0 | 1 | 0 | 0 | 10 | 73 | 73.00 | 1 | 1 |
| Science - Physics | 0 | 1 | 0 | 0 | 10 | 93 | 93.00 | 0 | 1 |
| Geography | 0 | 1 | 0 | 0 | 10 | 80 | 80.00 | 1 | 1 |
| History - Other History | 0 | 1 | 1 | 0 | 5 | 95 | 95.00 | 0 | 1 |
| Fine Arts - Other Arts | 0 | 0 | 0 | 0 | 0 | 0.00 | 0 | 0 | |
| Literature - European Literature | 0 | 0 | 1 | 0 | -5 | 0.00 | 0 | 0 | |
| Auditory Arts | 0 | 0 | 2 | 0 | -10 | 0.00 | 0 | 0 |